000 00769nam a2200229Ia 4500
003 GCL
005 20240530102521.0
008 140319s9999 xx 000 0 ara d
040 _aGCL /
_cGCL
082 0 4 _a962.16
_bق/ح ح
100 1 _aحورية عبده سلام
245 1 0 _aالحياة الاقتصادية والاجتماعية فى مدينة الفسطاط /
_cحورية عبده سلام
260 _aالقاهرة :
_bدار النهضة العربية ،
_c1993
300 _a252 ص ؛
_c24 سم
650 0 4 _aمصر
650 0 4 _aتاريخ
650 0 4 _aالاحوال الاجتماعية
650 0 4 _aالاحوال الاقتصادية
650 0 4 _aالدولة الطولونية
650 0 4 _aالفسطاط
942 _2ddc
_cBK
999 _c32821
_d32821